|
|
|
|
| LEADER |
01688cas a2200241 a 4500 |
| 001 |
AALejournalIMF008997 |
| 008 |
230101c9999 xx r poo 0 0eng d |
| 020 |
|
|
|c 5.00 USD
|
| 020 |
|
|
|z 9781451843606
|
| 022 |
|
|
|a 1018-5941
|
| 040 |
|
|
|a BD-DhAAL
|c BD-DhAAL
|
| 100 |
1 |
|
|a Huizinga, Harry.
|
| 245 |
1 |
0 |
|a Witholding Taxes and the Cost of Public Debt /
|c Harry Huizinga.
|
| 264 |
|
1 |
|a Washington, D.C. :
|b International Monetary Fund,
|c 1994.
|
| 300 |
|
|
|a 1 online resource (22 pages)
|
| 490 |
1 |
|
|a IMF Working Papers
|
| 500 |
|
|
|a <strong>Off-Campus Access:</strong> No User ID or Password Required
|
| 500 |
|
|
|a <strong>On-Campus Access:</strong> No User ID or Password Required
|
| 506 |
|
|
|a Electronic access restricted to authorized BRAC University faculty, staff and students
|
| 520 |
3 |
|
|a Several industrialized countries impose withholding taxes on public interest accruing to nonresidents. This paper examines the international incidence of such withholding taxes by estimating to what extent these taxes raise the cost of government borrowing. It is found that the pretax interest rate is most sensitive to the tax withheld on Japanese investors. In particular, the gross-up is about half of this tax, which suggests that about half is returned to the investor in the form of foreign tax credits. The extent of the gross-up rises over the 1989-93 period, which indicates that in recent years foreign tax credits have been available to a lesser extent.
|
| 538 |
|
|
|a Mode of access: Internet
|
| 830 |
|
0 |
|a IMF Working Papers; Working Paper ;
|v No. 1994/018
|
| 856 |
4 |
0 |
|z Full text available on IMF
|u http://elibrary.imf.org/view/journals/001/1994/018/001.1994.issue-018-en.xml
|z IMF e-Library
|